00651nam a2200181 i 450000100060000000300090000600500170001500700030003200800410003510000460007624501250012226000660024730000210031350000210033470000460035570000170040185200510041819787ES-MaACL20230906152151.0t|021015s1921 sp ||||1| spa d1 aÁlvarez Quintero, Serafín,d1871-193814aLos pápiros : bzarzuela cómica en tres actos / cSerafín y Joaquín Álvarez Quintero ; música de Pablo Luna. aMadrid : bRenacimiento, c1921 (fImp. Clásica Española) a78 p. ; c19 cm. aSólo la letra.1 aÁlvarez Quintero, Joaquín,d1873-19441 aLuna, Pablo. aES-MaACLjF-8657(2) z- Enc. con otras obras